Price as an Analytical Tools for Creation Microeconomic Equilibrium in the Market of Imperfect Competition

Skúmanie rovnovážnych podmienok na trhu nedokonalej konkurencie. Existencia monopolov a úloha regulácie. Analýza efektívnosti schém na monopolnú cenovú reguláciu.

Salvato in:
Dettagli Bibliografici
Autore principale: Fendeková, Eleonora, 1952-
Natura: Capitolo di libro
Lingua:slovacco
Soggetti:
Tags: Aggiungi Tag
Nessun Tag, puoi essere il primo ad aggiungerne!!

MARC

LEADER 00000naa$a2200000$$$4500
001 0254483
005 20240502074052.6
041 0 |a slo 
044 |a SK 
245 1 0 |a Price as an Analytical Tools for Creation Microeconomic Equilibrium in the Market of Imperfect Competition  |c Eleonora Fendeková 
520 |a Skúmanie rovnovážnych podmienok na trhu nedokonalej konkurencie. Existencia monopolov a úloha regulácie. Analýza efektívnosti schém na monopolnú cenovú reguláciu. 
610 2 0 |a konkurencia 
610 2 0 |a regulácia cenová 
610 2 0 |a výnosy 
610 2 0 |a tvorba cien 
610 2 0 |a optimalizácia 
100 1 |a Fendeková, Eleonora, 1952-